[Event "Go-Makkah Chess Festival 2020"]
[Site "Djerba"]
[Date "2020.02.20"]
[Round "5.1"]
[White "Tiviakov, Sergei"]
[Black "Zaibi, Amir"]
[Result "1-0"]
[WhiteElo "2593"]
[BlackElo "2402"]
[Annotator "TA"]
[PlyCount "71"]
[EventDate "2020.02.16"]
[EventType "swiss"]
[EventCountry "TUN"]
[SourceTitle "playchess.com"]
[Source "ChessBase"]
[SourceQuality "1"]

{[%evp 24,71,24,31,41,36,23,21,268,258,245,253,290,307,302,243,232,249,263,266,229,205,338,254,250,247,243,253,243,253,225,256,258,248,287,274,442,439,427,425,608,605,939,939,928,900,1015,1014,1005,997]} 1. e4 c5 2. Nf3 e6 3. c3 d5 4. exd5 exd5 5. d4 Nc6 6. Bb5 Bd6 7. dxc5 Bxc5 8. O-O Nge7 9. Nbd2 O-O 10. Nb3 Bb6 11. Re1 Nf5 12. Bd3 h6 13. Bc2 Be6 {C09: French Tarrasch: 3...c5 4 exd5 exd5 5 Ngf3 Nc6.} 14. Qd3 {Strongly threatening g4.} Re8 {[#]} 15. Bd2 $146 (15. g4 Nh4 $17) ({Predecessor:} 15. Bf4 Qf6 16. Ne5 Qh4 17. Qf3 Nfe7 18. Bg3 Nxe5 19. Bxe5 Nc6 20. Bg3 Qg4 21. Qxg4 Bxg4 {½-½ (40) Belyakov,B (2500)-Timofeev,A (2536) Samara 2015}) 15... Qd6 $2 {[#]} (15... g6 $11) 16. g4 $18 g6 17. Rxe6 $1 fxe6 18. gxf5 e5 {With the idea ...e4.} 19. c4 e4 20. Qxd5+ Qxd5 21. cxd5 exf3 22. dxc6 Rac8 (22... bxc6 $142 23. Bd1 (23. fxg6 Re2 $14) 23... Rad8 24. Bxf3 Re5) 23. Bd1 ({Not} 23. Bxh6 Rxc6 24. Bd3 gxf5 $16) 23... Rxc6 24. Bxf3 Rf6 25. Re1 ({Don't do} 25. Bxb7 $6 Rxf5 26. Rf1 (26. Bxh6 $2 Rxf2 27. Ba6 Kh7 $19) 26... Re2 $16) 25... Rxe1+ 26. Bxe1 Rxf5 27. Bxb7 Re5 28. Kf1 Rh5 29. a4 {[%cal Ba2a4,Ba4a5][%mdl 32]} Rxh2 $2 {[#]} (29... Kf7 30. h3 Rxh3) 30. a5 {White is clearly winning.} Bc7 31. Nd4 Rh5 (31... Be5 $142 32. Nc6 Bxb2 33. Nxa7 Rh3) 32. b4 Bd6 33. Nc6 Rh1+ 34. Ke2 Kf8 35. a6 Ke8 36. Nxa7 {[%mdl 64] Discovered Attack. Black did not feel at home in the position after the opening. Accuracy: White = 94%, Black = 45%.} 1-0

[Event "Go-Makkah Chess Festival 2020"]
[Site "Djerba"]
[Date "2020.02.20"]
[Round "5.2"]
[White "Cuenca Jimenez, Jose Fernando"]
[Black "Heberla, Bartlomiej"]
[Result "1/2-1/2"]
[WhiteElo "2528"]
[BlackElo "2575"]
[Annotator "TA"]
[PlyCount "54"]
[EventDate "2020.02.16"]
[EventType "swiss"]
[EventCountry "TUN"]
[SourceTitle "playchess.com"]
[Source "ChessBase"]
[SourceQuality "1"]

{[%evp 11,54,4,22,21,9,1,5,0,23,0,0,0,25,18,28,5,4,8,2,0,0,0,24,24,64,10,25,35,38,13,56,52,94,45,47,34,40,35,39,30,37,53,41,36,54]} 1. c4 c5 2. Nf3 Nc6 3. d4 cxd4 4. Nxd4 Nf6 5. Nc3 e6 6. a3 d5 7. cxd5 {A33: Symmetrical English: 2 Nf3 Nf6 3 d4 cxd4 4 Nxd4 e6 5 Nc3 Nc6.} exd5 8. Bf4 Bc5 9. e3 {The position is equal.} O-O 10. Be2 Bxd4 11. exd4 {[#]} Bf5 $146 ({Predecessor:} 11... Qb6 12. Be3 Bf5 13. Na4 Qc7 14. Rc1 Rfe8 15. O-O Ne4 16. Nc5 Rac8 17. Qa4 Qe7 {½-½ (24) Shimanov,A (2630)-Urkedal,F (2469) Stockholm 2012}) 12. O-O Rc8 13. Bf3 Re8 14. Rc1 h6 15. b4 Qd7 16. h3 Be4 17. Be2 Qf5 18. Bg3 ({Better is} 18. Qd2 $1 $14 Qd7 19. f3) 18... Qg6 19. Kh2 Bf5 20. Bf4 Ne4 21. Nxd5 {Threatens to win with Bh5.} Rcd8 22. Bh5 Qh7 $1 23. b5 Rxd5 24. bxc6 bxc6 25. Bf3 Red8 26. Rxc6 Rxd4 27. Qc1 Nd2 {Accuracy: White = 89%, Black = 78%.} 1/2-1/2

[Event "Go-Makkah Chess Festival 2020"]
[Site "Djerba"]
[Date "2020.02.20"]
[Round "5.3"]
[White "Sumets, Andrey"]
[Black "Gagunashvili, Merab"]
[Result "1/2-1/2"]
[WhiteElo "2543"]
[BlackElo "2580"]
[Annotator "TA"]
[PlyCount "41"]
[EventDate "2020.02.16"]
[EventType "swiss"]
[EventCountry "TUN"]
[SourceTitle "playchess.com"]
[Source "ChessBase"]
[SourceQuality "1"]

{[%evp 23,41,0,24,24,30,21,44,22,22,27,6,5,29,17,25,14,33,32,34,11]} 1. d4 d5 2. c4 c6 3. Nc3 Nf6 4. e3 e6 5. Nf3 Nbd7 6. Be2 Bd6 7. O-O O-O 8. Qc2 b6 9. e4 Nxe4 10. Nxe4 dxe4 11. Qxe4 Bb7 12. Rd1 Qe7 13. Bf4 {D45: Semi-Slav: 5 e3.} Bxf4 14. Qxf4 Rac8 {[#]} 15. Rd2 $146 ({Predecessor:} 15. c5 Rfe8 16. Ne5 Nxe5 17. Qxe5 f6 18. Qe3 Kh8 19. b4 e5 20. Bc4 Rcd8 21. dxe5 fxe5 22. Rxd8 Rxd8 23. Re1 bxc5 24. Qxc5 Qxc5 25. bxc5 Rd5 26. f4 e4 {1-0 (26) Gurevich,M (2610)-Hauchard,A (2450) Clichy 1993}) 15... c5 16. Rad1 Nf6 17. dxc5 Bxf3 18. Bxf3 Rxc5 19. b3 e5 20. Qe3 e4 21. Be2 1/2-1/2

[Event "Go-Makkah Chess Festival 2020"]
[Site "Djerba"]
[Date "2020.02.20"]
[Round "5.4"]
[White "Pichot, Alan"]
[Black "Oussedik, Mahfoud"]
[Result "1-0"]
[WhiteElo "2606"]
[BlackElo "2423"]
[Annotator "TA"]
[PlyCount "55"]
[EventDate "2020.02.16"]
[EventType "swiss"]
[EventCountry "TUN"]
[SourceTitle "playchess.com"]
[Source "ChessBase"]
[SourceQuality "1"]

{[%evp 12,55,16,3,37,20,22,31,32,28,54,45,40,53,52,65,81,62,59,31,53,45,71,74,291,212,275,293,291,273,407,407,561,554,483,259,1036,1030,1089,1093,1047,1012,955,871,1239,1234]} 1. e4 c5 2. Nf3 d6 3. d4 cxd4 4. Nxd4 Nf6 5. Nc3 a6 6. f3 e6 7. Be3 h5 {B80: Sicilian Scheveningen: 6 g3 and 6 Be3, including English Attack.} 8. a4 Be7 {[#]} 9. a5 $146 ({Predecessor:} 9. Bc4 O-O 10. O-O b6 11. Qe2 Bb7 12. Bxe6 fxe6 13. Nxe6 Qd7 14. Nxf8 Bxf8 15. Bxb6 {½-½ (32) Kushagra,M (2309)-Makarian,R (2386) Mumbai 2019}) 9... Qc7 {White is slightly better.} 10. Bd3 Bd7 11. O-O Nc6 12. Nb3 Nb4 13. Bb6 Qb8 14. f4 Bc6 15. Qe2 Nd7 16. Be3 Qd8 17. Nd4 $36 {[%mdl 2048] Keeping Black busy.} g5 $2 {[#]} (17... Nxd3 $16 18. Qxd3 (18. cxd3 Rb8 $14) (18. Nxc6 Nxf4 19. Bxf4 bxc6 $15) 18... O-O) 18. f5 e5 19. Nxc6 bxc6 20. Bc4 Qb8 (20... Rb8 $142 21. f6 Bxf6) 21. f6 $18 Bxf6 {[#]} 22. Rxf6 $1 {[%mdl 512]} Nxf6 23. Qf2 (23. Rf1 $142 Nd7 24. Bxf7+ {[%mdl 64] Double Attack} Kd8 25. Qc4 (25. Bxg5+ Kc7 $18)) 23... Nd7 $2 (23... Rh6) 24. Qxf7+ {White is clearly winning.} Kd8 25. Be6 {[%csl Ge6][%cal Rf7d7]} Ra7 26. Bxg5+ Kc8 27. Bf6 Rd8 28. Na4 {Black did not feel at home in the position after the opening. Accuracy: White = 78%, Black = 31%.} 1-0

[Event "Go-Makkah Chess Festival 2020"]
[Site "Djerba"]
[Date "2020.02.20"]
[Round "5.5"]
[White "Lagarde, Maxime"]
[Black "Kotronias, Vasilios"]
[Result "1-0"]
[WhiteElo "2659"]
[BlackElo "2526"]
[Annotator "TA"]
[PlyCount "41"]
[EventDate "2020.02.16"]
[EventType "swiss"]
[EventCountry "TUN"]
[SourceTitle "playchess.com"]
[Source "ChessBase"]
[SourceQuality "1"]

{[%evp 17,41,32,54,15,13,16,21,14,11,7,44,-14,83,83,94,110,365,376,654,459,450,441,455,454,424,425]} 1. e4 c5 2. Nf3 Nc6 3. d4 cxd4 4. Nxd4 Nf6 5. Nc3 d6 6. Bg5 e6 7. Qd2 a6 8. O-O-O Bd7 9. f4 Be7 {is now debated instead of 9...b5.} 10. Qe1 {B68: Sicilian: Richter-Rauzer: 7...a6 8 0-0-0 Bd7 9 f4 Be7 .} Nxd4 11. Rxd4 Qa5 {[#]} 12. Be2 $5 $146 {[%mdl 8] The position is equal. New and interesting.} ({Predecessor:} 12. Bc4 h6 13. Bh4 g5 14. fxg5 hxg5 15. Bf2 Ng4 16. Bb3 Qe5 17. Kb1 Rxh2 18. Rxh2 Qxh2 19. Bg3 Qh8 20. Qd1 Ne3 21. Qd2 Nf1 {0-1 (21) Xu,H (1846)-Sapozhnikov,R (2207) Toronto 2010}) 12... Rc8 13. Qd2 b5 14. a3 (14. Kb1 $1 $14) 14... h6 (14... Bc6 $11 {remains equal.}) 15. Bxf6 $1 $16 Bxf6 {[#]} 16. e5 $1 {[%cal Re5f6][%mdl 512]} dxe5 $2 {[%mdl 8192] Loses the game.} (16... Be7 $16) 17. Rxd7 $18 Rxc3 $2 (17... O-O 18. Ne4 Qxd2+ 19. Rxd2 Rc7) 18. Rb7 {Intending Qd7+ and mate.White is clearly winning.} O-O {Threatens to win with ...e4.} 19. Qxc3 Qxc3 20. bxc3 {[%cal Bb2c3,Bc3c4][%mdl 32]} exf4 21. c4 {Accuracy: White = 62%, Black = 35%.} 1-0

[Event "Go-Makkah Chess Festival 2020"]
[Site "Djerba"]
[Date "2020.02.21"]
[Round "6.1"]
[White "Zaibi, Amir"]
[Black "Kotronias, Vasilios"]
[Result "1-0"]
[WhiteElo "2402"]
[BlackElo "2526"]
[Annotator "TA"]
[PlyCount "83"]
[EventDate "2020.02.16"]
[EventType "swiss"]
[EventCountry "TUN"]
[SourceTitle "playchess.com"]
[Source "ChessBase"]
[SourceQuality "1"]

{[%evp 22,83,44,36,52,0,49,28,75,75,110,111,79,103,86,62,192,173,183,179,207,191,208,197,377,399,398,379,366,381,401,402,401,399,382,395,360,347,358,361,345,322,1136,259,747,430,408,390,451,459,449,416,450,396,823,814,785,775,655,650,1312,1266,29974,29973]} 1. e4 c5 2. Nf3 Nc6 3. Nc3 d6 4. d4 cxd4 5. Nxd4 Nf6 6. Bg5 e6 7. Qd2 a6 8. O-O-O Bd7 9. f4 Be7 10. Nf3 b5 11. Bxf6 gxf6 12. Bd3 Qb6 {B69: Sicilian: Richter-Rauzer: 7...a6 8 0-0-0 Bd7 9 f4 Be7 10 Nf3 b5 11 Bxf6.} 13. Rhe1 {is the legacy move (13.Kb1).} (13. Kb1 $14) 13... Qc5 14. Kb1 O-O-O {White has an edge.} 15. a4 {[%cal Ra4b5]} Na7 16. axb5 axb5 {[#]} 17. Na2 $146 ({Predecessor:} 17. Bf1 b4 18. Nd5 exd5 19. exd5 Rde8 20. Re4 Kd8 21. Rxb4 f5 22. Rb7 Bf6 23. b4 {1-0 (51) Cakmak,S-Addis,E (1986) ICCF email 2011}) 17... Kb7 18. Bf1 Rc8 {Black cannot hold the game after this.} (18... Nc6 $14) 19. Nd4 Qb6 20. Re3 Rhd8 21. Rb3 Rc5 22. Nc3 Ka8 $2 {[#]} (22... Qa5 23. Be2 (23. Ra3 Qb6 $16) 23... Ra8) 23. Na4 $1 $18 {[%mdl 512]} Qc7 (23... bxa4 24. Rxb6) 24. Nxc5 dxc5 25. Rd3 ({Inferior is} 25. Bxb5 cxd4 26. Bxd7 Rxd7 $11) 25... Re8 26. Nf5 Bc6 27. Nxe7 Rxe7 28. Qe3 c4 29. Rd6 Kb7 30. Be2 Nc8 31. e5 fxe5 $2 {[#]} (31... Qb6 32. Qxb6+ Kxb6 33. exf6 Rc7) 32. fxe5 $2 (32. Rxc6 $1 {[%mdl 512]} Qxc6 (32... Kxc6 33. Bf3+) 33. Bf3 exf4 {[#]} 34. Qc5 $1 {[%mdl 512]} Qxf3 35. Qxb5+ Ka8 36. gxf3) 32... Nb6 $2 (32... Qa5 33. Rd8 Nb6) 33. Qc5 {Black must now prevent Rxc6!} Nd7 34. Qd4 {Rxc6! is the strong threat.} Bd5 35. Bf3 Nb6 36. Qc3 Qc5 37. Qa5 Rc7 $2 (37... Bxf3 38. gxf3 Rc7) 38. Bxd5+ exd5 39. Rf1 Nc8 40. Rdf6 d4 41. Rxf7 Ne7 42. R1f6 {Accuracy: White = 74%, Black = 37%.} 1-0

[Event "Go-Makkah Chess Festival 2020"]
[Site "Djerba"]
[Date "2020.02.21"]
[Round "6.2"]
[White "Oussedik, Mahfoud"]
[Black "Lagarde, Maxime"]
[Result "0-1"]
[WhiteElo "2423"]
[BlackElo "2659"]
[Annotator "TA"]
[PlyCount "86"]
[EventDate "2020.02.16"]
[EventType "swiss"]
[EventCountry "TUN"]
[SourceTitle "playchess.com"]
[Source "ChessBase"]
[SourceQuality "1"]

{[%evp 9,86,4,15,9,11,13,25,23,25,26,17,25,16,18,18,12,18,15,-4,-38,-27,-32,0,-42,0,-30,0,0,0,-239,-245,-266,-271,-265,-182,-353,-337,-343,-351,-395,-384,-348,-145,-168,-142,-398,-375,-299,-193,-443,-411,-432,-457,-689,-690,-653,-657,-555,-476,-448,-352,-475,-464,-631,-561,-1409,-1330,-2068,-1991,-2025,-1949,-29973,-29974,-29971,-29973,-29973,-29975,-6424,-12039]} 1. c4 b6 2. Nc3 Bb7 3. e4 e5 4. d3 Bc5 5. g3 Nc6 6. Bg2 {A10: English Opening: Unusual Replies for Black.} d6 {[#]} 7. Nge2 $146 ({Predecessor:} 7. a3 a5 8. Nge2 Nge7 9. Na4 Qd7 10. Nxc5 dxc5 11. Nc3 Nd4 12. Nd5 Nxd5 13. cxd5 {0-1 (37) Piorun,K (2611)-Meier,G (2626) Moscow 2019}) 7... h5 8. a3 {White has an edge.} h4 9. b4 Bd4 10. Nxd4 Nxd4 11. Be3 Ne7 12. Bxd4 exd4 13. Ne2 c5 14. O-O hxg3 15. hxg3 Qd7 16. Qd2 O-O-O 17. Rfb1 Rh6 18. a4 Rdh8 19. Kf1 $2 (19. bxc5 $1 $11 bxc5 20. Rb2) 19... Rh2 $19 20. Ng1 {[#]} f5 $1 21. Re1 Ng6 22. a5 $2 {[#]} (22. bxc5 dxc5 23. a5) 22... f4 $1 {[%mdl 512]} 23. axb6 (23. gxf4 Rxg2) 23... axb6 24. f3 fxg3 25. Qg5 Ne5 (25... Qf7 $19 {and Black stays clearly on top.} 26. Re2 cxb4 27. Qxg3 Nf4 {[%mdl 64] Double Attack}) 26. Red1 $17 R2h6 (26... cxb4 27. Qxg3 g5 28. Rab1) 27. Qxg3 $2 {[%mdl 8192] Now White is beyond hope.} (27. bxc5 $17 bxc5 28. Ra7) 27... Rg6 $19 28. Qf4 {[#]} Ng4 $1 {[%mdl 512] ...Ne3+ is the strong threat.} 29. Bh3 $2 {[#]} (29. Re1) (29. fxg4 Rf6) 29... Rxh3 $1 {[%mdl 512]} 30. Nxh3 ({Of course not} 30. Qf8+ Kc7 $19) 30... Rf6 ({Not} 30... Ne3+ 31. Ke2 $15) 31. Qxf6 (31. Qg5 $142 Ne3+ {[%mdl 64] Double Attack} 32. Ke2 Qxh3 {[#]} 33. Rf1 $1 {[%mdl 512]} Nxf1 34. Rxf1 cxb4 35. Qg1) 31... Ne3+ {[%mdl 64] Discovered Attack} 32. Ke2 gxf6 33. Rh1 Nc2 34. Rag1 {With the idea Rg8+.} Kb8 35. b5 {[#]} d5 $1 36. Rg8+ (36. cxd5 Qxb5) 36... Ka7 {aiming for ...dxc4.} 37. Rc1 dxc4 38. Nf4 cxd3+ 39. Nxd3 c4 40. Rxc2 cxd3+ 41. Kxd3 Qxb5+ 42. Rc4 Qb3+ 43. Kxd4 b5 {Accuracy: White = 42%, Black = 69%.} 0-1

[Event "Go-Makkah Chess Festival 2020"]
[Site "Djerba"]
[Date "2020.02.21"]
[Round "6.3"]
[White "Gagunashvili, Merab"]
[Black "Pichot, Alan"]
[Result "1/2-1/2"]
[WhiteElo "2580"]
[BlackElo "2606"]
[Annotator "TA"]
[PlyCount "40"]
[EventDate "2020.02.16"]
[EventType "swiss"]
[EventCountry "TUN"]
[SourceTitle "playchess.com"]
[Source "ChessBase"]
[SourceQuality "1"]

{[%evp 12,40,3,-13,0,0,11,0,26,0,12,0,0,0,0,0,0,0,0,0,6,12,14,16,8,9,9,0,16,18,27]} 1. d4 Nf6 2. c4 e6 3. Nc3 Bb4 4. Qc2 b6 5. a3 Bxc3+ 6. Qxc3 Bb7 7. Nf3 d5 {E21: Nimzo-Indian: 4 Nf3.} 8. Bg5 dxc4 9. Qxc4 Nbd7 10. e3 {[#]} h6 $146 {The position is equal.} ({Predecessor:} 10... c5 11. Be2 h6 12. Bh4 Bd5 13. Qa4 a6 14. dxc5 bxc5 15. e4 Bb7 16. e5 g5 17. exf6 gxh4 {1-0 (33) Ivanisevic,I (2662)-Vallejo Pons,F (2684) Reykjavik 2015}) 11. Bh4 c5 12. Rd1 O-O 13. Be2 Bd5 14. Qa4 cxd4 15. Qxd4 Nc5 16. O-O Bb3 17. Bxf6 Qxf6 18. Qxf6 gxf6 19. Rc1 a5 20. Nd4 Bd5 {A rather calm draw. Accuracy: White = 90%, Black = 100%.} 1/2-1/2

[Event "Go-Makkah Chess Festival 2020"]
[Site "Djerba"]
[Date "2020.02.21"]
[Round "6.4"]
[White "Heberla, Bartlomiej"]
[Black "Sumets, Andrey"]
[Result "1-0"]
[WhiteElo "2575"]
[BlackElo "2543"]
[Annotator "TA"]
[PlyCount "73"]
[EventDate "2020.02.16"]
[EventType "swiss"]
[EventCountry "TUN"]
[SourceTitle "playchess.com"]
[Source "ChessBase"]
[SourceQuality "1"]

{[%evp 16,73,-37,-35,20,10,23,0,0,0,0,0,0,0,0,0,46,29,54,25,59,68,135,141,145,155,154,99,72,76,73,79,64,37,68,65,172,173,366,370,410,413,556,544,522,518,525,514,504,502,558,560,629,635,29993,29994,29994,29995,29995,29996]} 1. d4 Nf6 2. c4 e6 3. Nc3 Bb4 4. a3 Bxc3+ 5. bxc3 c5 6. f3 Nc6 7. e4 d6 8. Be3 b6 9. Bd3 e5 {E24: Nimzo-Indian: Sämisch: Unusual Black 5th moves and 5...c5 sidelines.} ({Black should play} 9... Na5 $15) 10. Ne2 $11 Qd7 11. d5 Na5 $1 {The position is equal.} 12. Ng3 Ba6 13. Qe2 h5 {[#]} 14. h4 $146 ({Predecessor:} 14. a4 g6 15. O-O h4 16. Nh1 Rh5 17. Nf2 O-O-O 18. Nd1 Rg8 19. Nb2 g5 20. Kf2 {0-1 (51) Magnusson,J (2315)-Ross,C (2129) Goa 2006}) 14... g6 15. a4 Ng8 16. Nf1 O-O-O 17. Nd2 $36 {[%mdl 2048] White has the initiative.} f5 18. Bg5 Rf8 (18... Re8 $14) 19. f4 $1 $16 {[%cal Rf4e5]} Nf6 20. Bxf6 Rxf6 21. exf5 (21. fxe5 $142 dxe5 22. exf5 {[%mdl 64] Discovered Attack} gxf5 23. O-O) 21... exf4 {[#]} 22. O-O $1 ({Don't play} 22. fxg6 Re8 $11) 22... gxf5 23. Rxf4 Kb8 24. Bc2 Qg7 25. Raf1 Rg8 (25... Rf7 $14) 26. Bxf5 $18 Rgf8 $2 (26... Nxc4 {might work better.} 27. R1f2 (27. Nxc4 Rxf5 28. Rxf5 Bxc4 $14) (27. Rxc4 Rgf8 $16) 27... Nxd2 28. Qxa6 Nb3) 27. Qxh5 R6f7 28. R1f3 Bc8 29. Rg4 Qe5 {...Qe1+ is the strong threat.} 30. Re4 Qg7 {[%cal Rf7f5]} 31. Bxc8 Rxf3 32. Nxf3 {Black must now prevent Re8.} Rxc8 33. Qg4 Qxc3 34. Qd7 {Strongly threatening Re7.} Rg8 35. Re7 {White mates.} Qc1+ {[#]} 36. Kh2 $1 Qf4+ {[#]} 37. Kh1 $1 {Accuracy: White = 96%, Black = 54%.} 1-0

[Event "Go-Makkah Chess Festival 2020"]
[Site "Djerba"]
[Date "2020.02.21"]
[Round "6.5"]
[White "Tiviakov, Sergei"]
[Black "Cuenca Jimenez, Jose Fernando"]
[Result "1-0"]
[WhiteElo "2593"]
[BlackElo "2528"]
[Annotator "TA"]
[PlyCount "95"]
[EventDate "2020.02.16"]
[EventType "swiss"]
[EventCountry "TUN"]
[SourceTitle "playchess.com"]
[Source "ChessBase"]
[SourceQuality "1"]

{[%evp 10,95,16,9,9,0,0,0,0,0,0,0,0,-6,0,0,0,0,0,0,0,0,0,0,0,0,0,12,24,0,18,26,18,15,20,9,17,15,16,0,19,22,32,0,18,0,6,10,14,13,24,12,11,44,40,13,29,18,11,11,14,9,47,0,0,0,0,0,115,95,148,149,135,149,117,144,407,390,645,626,649,643,620,620,29990,29987,29991,29992]} 1. e4 e5 2. Bc4 Nf6 3. d3 Nc6 4. Nf3 Bc5 5. c3 d6 6. Bb3 a5 {C54: Giuoco Piano: 4 c3 Nf6, main lines with 5 d4 and 5 d3.} 7. a4 h6 8. h3 O-O {The position is equal.} 9. Nbd2 Be6 10. O-O d5 11. Re1 Re8 12. exd5 Bxd5 13. Ne4 Be7 14. Bc2 {[#]} Qd7 $146 ({Predecessor:} 14... Nxe4 15. dxe4 Bc4 16. Be3 Qxd1 17. Raxd1 Red8 18. Nd2 Be6 19. Kh2 b6 20. f4 exf4 21. Bxf4 Rd7 22. Nf3 Rad8 23. Rxd7 Rxd7 24. Rd1 Rxd1 25. Bxd1 Bd6 26. Bxd6 {½-½ (26) Popov,V (2281)-Ermakov,V (2263) ICCF email 2017}) 15. Nxf6+ Bxf6 16. Nh2 Be7 17. Ng4 Qd6 18. Ne3 Be6 19. Qh5 Bg5 20. Nc4 Bxc4 $1 21. dxc4 g6 22. Qf3 Bxc1 23. Raxc1 f5 24. Rcd1 Qe6 25. Rd5 Re7 26. h4 h5 27. Qg3 Qf6 28. f3 Kh8 29. Red1 Rg8 30. Qg5 Qxg5 31. hxg5 Kg7 32. Kf2 Ra8 33. c5 Rh8 34. Rd7 {[#] Rxe7+ is the strong threat.} Kf8 35. Bb3 Rhh7 36. R7d2 e4 37. Kg3 h4+ 38. Kh3 $1 e3 (38... exf3 $1 $11 39. gxf3 Rh5) 39. Re2 $16 Re5 ({Black should play} 39... Re8) 40. f4 $36 {[%mdl 2048] Keeping Black busy.} Re4 {[#]} 41. g3 $1 hxg3+ 42. Kxg3 Rhe7 $2 {[%mdl 8192] Now Black is done in.} (42... Ree7 $16 43. Rde1 Re8 44. Rxe3 Rxe3+ 45. Rxe3 Nd8) 43. Rh1 $18 {Intending Rh8+ and mate.} Rg7 $2 (43... Ke8 44. Rh8+ Kd7) 44. Bd5 Rxa4 45. Rh8+ Ke7 46. Rxe3+ Kd7 47. Be6+ Ke7 48. Bxf5+ {[%mdl 64] Discovered Attack. Accuracy: White = 90%, Black = 72%.} 1-0

[Event "Go-Makkah Chess Festival 2020"]
[Site "Djerba"]
[Date "2020.02.21"]
[Round "7.1"]
[White "Cuenca Jimenez, Jose Fernando"]
[Black "Zaibi, Amir"]
[Result "1-0"]
[WhiteElo "2528"]
[BlackElo "2402"]
[Annotator "TA"]
[PlyCount "25"]
[EventDate "2020.02.16"]
[EventType "swiss"]
[EventCountry "TUN"]
[SourceTitle "playchess.com"]
[Source "ChessBase"]
[SourceQuality "1"]

{[%evp 9,11,0,38,29]} 1. c4 e5 2. Nc3 Nf6 3. Nf3 Nc6 4. e4 Bc5 5. Nxe5 O-O (5... Nxe5 $5 6. d4 $8 {[%mdl 64] Double Attack} Bb4 $11) 6. Nf3 {[%mdl 32768] [#] Loss on time!? A28: English Opening: Four Knights Variation.} {Predecessor:} Nxe4 $146 7. Nxe4 Re8 8. d3 f5 9. Be2 fxe4 10. dxe4 d6 11. O-O Qf6 12. Qd5+ Be6 13. Qg5 {½-½ (22) Saric,I (2549)-Szabo,K (2512) Sarajevo 2011} 1-0

[Event "Go-Makkah Chess Festival 2020"]
[Site "Djerba"]
[Date "2020.02.21"]
[Round "7.2"]
[White "Sumets, Andrey"]
[Black "Tiviakov, Sergei"]
[Result "1/2-1/2"]
[WhiteElo "2543"]
[BlackElo "2593"]
[Annotator "TA"]
[PlyCount "29"]
[EventDate "2020.02.16"]
[EventType "swiss"]
[EventCountry "TUN"]
[SourceTitle "playchess.com"]
[Source "ChessBase"]
[SourceQuality "1"]

{[%evp 25,29,0,8,0,16,0]} 1. d4 Nf6 2. c4 e6 3. g3 d5 4. Nf3 Bb4+ 5. Bd2 Be7 6. Bg2 c6 7. Qc2 b6 8. O-O O-O 9. Bf4 Bb7 10. Rd1 Nbd7 11. Nc3 {[#]} Nh5 $146 ({Predecessor:} 11... Rc8 12. b3 Nh5 13. Bc1 f5 14. Bb2 Bd6 15. e3 Qe7 16. Rac1 Nhf6 17. Ne2 Ne4 18. Nf4 Ndf6 19. Ne5 Bxe5 20. dxe5 Ng4 21. Nd3 dxc4 22. Qxc4 {0-1 (47) Postny,E (2605)-Hansen,E (2606) Moscow 2019}) 12. Bc1 Nhf6 13. Bf4 Nh5 14. Bc1 {E08: Closed Catalan: Main Line: 7 Qc2.} Nhf6 15. Bf4 {Not much happened in this game.} 1/2-1/2